[Event "IV Festival A"]
[Site "Forni di Sopra ITA"]
[Date "2013.06.15"]
[Round "1"]
[White "Borgo, Giulio"]
[Black "Hansson, Hakan"]
[WhiteElo "2378"]
[BlackElo "2042"]
[Result "1-0"]
[PlyCount "89"]
[EventDate "2013.06.15"]

1. Nf3 Nf6 2. c4 g6 3. b3 Bg7 4. Bb2 O-O 5. g3 d6 6. d4 c5 7. Bg2 cxd4 8. Nxd4
a6 9. Nc3 Qc7 10. Rc1 Qb6 11. O-O Nc6 12. c5 Qc7 13. cxd6 exd6 14. Nxc6 bxc6
15. Nd5 Nxd5 16. Bxg7 Kxg7 17. Rxc6 Qxc6 18. Bxd5 Qc5 19. Bxa8 Bh3 20. Bg2 Bxg2
21. Kxg2 Rc8 22. Qd3 Qa3 23. Qd2 Qc5 24. Rd1 Qf5 25. Qd4+ Kg8 26. Rd2 Rc6 27.
e3 h5 28. Qd5 Qc8 29. h4 Kg7 30. Rd4 Qc7 31. b4 Kg8 32. Rf4 Kg7 33. Rxf7+ Qxf7
34. Qxc6 Qxa2 35. Qxd6 Qe2 36. Qf4 Qe1 37. Qd4+ Kg8 38. e4 Kf7 39. e5 Ke6 40.
Qd6+ Kf5 41. Qf6+ Ke4 42. Qxg6+ Kd4 43. Qxh5 Qe4+ 44. Qf3 Qxe5 45. Qe3+ 1-0

[Event "IV Festival A"]
[Site "Forni di Sopra ITA"]
[Date "2013.06.15"]
[Round "1"]
[White "Boscolo, Federico"]
[Black "Tirelli, Mauro"]
[WhiteElo "2314"]
[BlackElo "2028"]
[Result "1-0"]
[PlyCount "71"]
[EventDate "2013.06.15"]

1. e4 e6 2. d4 d5 3. Nd2 Nf6 4. e5 Nfd7 5. c3 c5 6. Bd3 Nc6 7. Ngf3 f6 8. exf6
Qxf6 9. O-O cxd4 10. cxd4 Bd6 11. Re1 O-O 12. Nf1 h6 13. Bb1 Rd8 14. Ne3 Nf8
15. Ng4 Qe7 16. Bxh6 gxh6 17. Nxh6+ Kg7 18. Nf5+ exf5 19. Rxe7+ Bxe7 20. h4 Be6
21. Ng5 Bxg5 22. hxg5 Ng6 23. g3 Rh8 24. Bd3 Nxd4 25. Bf1 Nc6 26. b4 f4 27. b5
Nce5 28. gxf4 Nxf4 29. Qd4 Nfg6 30. Bg2 Rh4 31. Qb2 d4 32. Qa3 Rf8 33. Re1 Rhf4
34. Rxe5 Nxe5 35. Qe7+ R8f7 36. Qxe6 1-0

[Event "IV Festival A"]
[Site "Forni di Sopra ITA"]
[Date "2013.06.15"]
[Round "1"]
[White "Cocconcelli, Lorenzo"]
[Black "Saravanan, Venkatachalam"]
[WhiteElo "2041"]
[BlackElo "2371"]
[Result "0-1"]
[PlyCount "122"]
[EventDate "2013.06.15"]

1. d4 Nf6 2. c4 g6 3. Nc3 Bg7 4. e4 d6 5. Bd3 O-O 6. Nge2 e5 7. d5 a5 8. O-O
Na6 9. a3 Bd7 10. b3 Nh5 11. Rb1 f5 12. Ng3 Nf4 13. Bc2 Nxg2 14. Kxg2 f4 15. f3
fxg3 16. hxg3 h5 17. Rh1 Bf6 18. Be3 Qe7 19. Qd2 Rf7 20. Rh2 h4 21. gxh4 Bxh4
22. Rbh1 Rh7 23. Bg5 Bxg5 24. Rxh7 Qxh7 25. Qxg5 Qg7 26. Kf2 Kf7 27. Ne2 Rh8
28. Rh4 Nc5 29. Nc3 Rxh4 30. Qxh4 g5 31. Qh5+ Ke7 32. Ne2 g4 33. Ng3 gxf3 34.
Qxf3 Qg5 35. Bd1 c6 36. Ke1 Kd8 37. b4 axb4 38. axb4 Na6 39. dxc6 bxc6 40. b5
cxb5 41. cxb5 Bxb5 42. Be2 Bxe2 43. Kxe2 Nc5 44. Qa3 Qf4 45. Qe3 Qf7 46. Qf3
Qa2+ 47. Kf1 Kc7 48. Qe2 Qb3 49. Kf2 Qb1 50. Kf3 Kc6 51. Qc4 Qd1+ 52. Qe2 Qb3+
53. Qe3 Qb1 54. Qe2 Kb6 55. Qc4 Qd1+ 56. Qe2 Qb3+ 57. Qe3 Qb1 58. Qd2 Kb5 59.
Qxd6 Qb3+ 60. Kg4 Qxg3+ 61. Kf5 Qf4+ 0-1

[Event "IV Festival A"]
[Site "Forni di Sopra ITA"]
[Date "2013.06.15"]
[Round "1"]
[White "Dvirnyy, Danyyil"]
[Black "Boraso, Alessio"]
[WhiteElo "2540"]
[BlackElo "2128"]
[Result "1-0"]
[PlyCount "65"]
[EventDate "2013.06.15"]

1. Nf3 Nf6 2. c4 g6 3. Nc3 Bg7 4. e4 d6 5. d4 O-O 6. h3 e5 7. d5 Na6 8. Bg5 h6
9. Be3 Nc5 10. Nd2 a5 11. g4 Bd7 12. Be2 Ne8 13. Rg1 c6 14. Rb1 Nc7 15. a3 cxd5
16. cxd5 a4 17. Nc4 Nb5 18. Nxd6 Nd4 19. Nc4 Ncb3 20. Nd2 Qa5 21. Rg3 Rac8 22.
Nxb3 axb3 23. Bd3 Kh7 24. Kf1 Rg8 25. Rc1 Bf6 26. Bxd4 exd4 27. Ne2 Ba4 28. Rf3
Kg7 29. Bc4 d3 30. Qxd3 Bxb2 31. Rb1 Rxc4 32. Qxc4 Be5 33. Rfxb3 1-0

[Event "IV Festival A"]
[Site "Forni di Sopra ITA"]
[Date "2013.06.15"]
[Round "1"]
[White "Garcia Palermo, Carlos Horacio"]
[Black "Ricci, Marco"]
[WhiteElo "2468"]
[BlackElo "2089"]
[Result "1/2-1/2"]
[PlyCount "72"]
[EventDate "2013.06.15"]

1. d4 Nf6 2. Nf3 g6 3. Bg5 Bg7 4. Nbd2 d5 5. e3 c6 6. Be2 O-O 7. O-O Bf5 8. c4
dxc4 9. Nxc4 Nbd7 10. Qb3 Nb6 11. Na5 Qc8 12. a4 h6 13. Bh4 g5 14. Bg3 Ne4 15.
Qa3 Nxg3 16. hxg3 Qc7 17. Rac1 Rfe8 18. b4 a6 19. Nb3 e6 20. Nc5 Nd7 21. Rfd1
Rad8 22. Nxd7 Qxd7 23. b5 Bf8 24. bxc6 Bxa3 25. cxd7 Rxd7 26. Ne5 Rde7 27. Rc3
Bd6 28. Nc4 Rc8 29. e4 Bg6 30. Rb3 Bb8 31. Re3 Ba7 32. Nd6 Rc6 33. e5 Bc2 34.
Rd2 Bxa4 35. Ra3 Rc1+ 36. Kh2 b5 1/2-1/2

[Event "IV Festival A"]
[Site "Forni di Sopra ITA"]
[Date "2013.06.15"]
[Round "1"]
[White "Gregori, Giacomo"]
[Black "Cocchi, Andrea"]
[WhiteElo "2025"]
[BlackElo "2304"]
[Result "1/2-1/2"]
[PlyCount "130"]
[EventDate "2013.06.15"]

1. Nf3 c5 2. g3 b6 3. Bg2 Bb7 4. d3 g6 5. O-O Bg7 6. e4 d6 7. Nbd2 e5 8. c3 Ne7
9. a3 O-O 10. b4 Nd7 11. Bb2 Qc7 12. d4 h6 13. Re1 Rfd8 14. dxe5 dxe5 15. Qe2
Nf6 16. b5 Nc8 17. a4 Re8 18. c4 Nd7 19. Nf1 Nf8 20. Ne3 Bxe4 21. Ng4 Nd6 22.
Rad1 Rad8 23. Rxd6 Qxd6 24. Qxe4 f5 25. Nxh6+ Bxh6 26. Qh4 Bg7 27. Bxe5 Bxe5
28. Nxe5 Qd2 29. Re3 Rd4 30. Qf6 Qc1+ 31. Bf1 Rxe5 32. Qxe5 Rd1 33. Kg2 Rxf1
34. Qd5+ Kh8 35. Re8 Rg1+ 36. Kf3 Qc3+ 37. Kf4 Qf6 38. Qd8 Qxd8 39. Rxd8 Kg7
40. Ra8 Rc1 41. Ke5 Rxc4 42. Rxa7+ Kh6 43. Kd5 Rb4 44. Kc6 c4 45. Kxb6 c3 46.
Rc7 Rxa4 47. Rxc3 Ra2 48. Kc7 Ne6+ 49. Kd7 Rxf2 50. Kxe6 Rb2 51. Rc5 Rxh2 52.
Kf6 Rb2 53. Rc8 Kh5 54. Rb8 Rb3 55. b6 Rb5 56. Rb7 g5 57. Rh7+ Kg4 58. b7 Kxg3
59. Kxg5 f4+ 60. Kf6 f3 61. Ke6 f2 62. Rg7+ Kf3 63. Kd6 Ke3 64. Re7+ Kd4 65.
Rf7 Rxb7 1/2-1/2

[Event "IV Festival A"]
[Site "Forni di Sopra ITA"]
[Date "2013.06.15"]
[Round "1"]
[White "Hambleton, Aman"]
[Black "Rovira, Tairu"]
[WhiteElo "2461"]
[BlackElo "2074"]
[Result "1-0"]
[PlyCount "69"]
[EventDate "2013.06.15"]

1. d4 Nf6 2. c4 e6 3. Nc3 Bb4 4. Qc2 O-O 5. a3 Bxc3+ 6. Qxc3 b6 7. Bg5 h6 8.
Bh4 d5 9. e3 Nbd7 10. cxd5 exd5 11. Qc6 Rb8 12. Bg3 Bb7 13. Qxc7 Qxc7 14. Bxc7
Rbc8 15. Bd6 Rfe8 16. Bd3 Re6 17. Bg3 b5 18. Ne2 Rb6 19. f3 b4 20. a4 Ba6 21.
a5 Rbc6 22. Bxa6 Rxa6 23. Kd2 Ne8 24. Rhc1 Rcc6 25. Rxc6 Rxc6 26. Nf4 Ndf6 27.
Nd3 b3 28. Nc5 Nh5 29. Be5 Rc8 30. h3 f6 31. Bh2 f5 32. Be5 Nhf6 33. Ra3 Nc7
34. Rxb3 Kf8 35. Bxc7 1-0

[Event "IV Festival A"]
[Site "Forni di Sopra ITA"]
[Date "2013.06.15"]
[Round "1"]
[White "Horvath, Csaba"]
[Black "Martinez, Ayelen"]
[WhiteElo "2516"]
[BlackElo "2106"]
[Result "1-0"]
[PlyCount "39"]
[EventDate "2013.06.15"]

1. d4 Nf6 2. c4 g6 3. Nc3 Bg7 4. e4 d6 5. Be2 O-O 6. Bg5 c5 7. d5 b5 8. cxb5 a6
9. a4 Qa5 10. Bd2 Nbd7 11. Nf3 Qb4 12. Bd3 Ng4 13. O-O Nge5 14. Nxe5 Nxe5 15.
Ne2 Qxb2 16. Rb1 Qa3 17. Bc2 axb5 18. Bc3 Bg4 19. f3 Nc4 20. Ra1 1-0

[Event "IV Festival A"]
[Site "Forni di Sopra ITA"]
[Date "2013.06.15"]
[Round "1"]
[White "Levin, Felix"]
[Black "Gutierrez, Leonela"]
[WhiteElo "2497"]
[BlackElo "2090"]
[Result "1-0"]
[PlyCount "150"]
[EventDate "2013.06.15"]

1. d4 Nf6 2. c4 g6 3. Nc3 Bg7 4. e4 d6 5. Be2 O-O 6. Bg5 c6 7. Nf3 Nbd7 8. Nd2
e5 9. d5 a5 10. h4 h6 11. Be3 cxd5 12. cxd5 Nc5 13. g4 Qb6 14. Nc4 Qd8 15. f3
b6 16. h5 gxh5 17. Qd2 Nh7 18. Bxh6 h4 19. O-O-O Ba6 20. Bxg7 Kxg7 21. Ne3 Bc8
22. Ng2 Qg5 23. Rxh4 Qxd2+ 24. Kxd2 Ng5 25. Nb5 Rd8 26. Ne3 f6 27. Nc4 Ba6 28.
Ncxd6 Nce6 29. Rdh1 Bxb5 30. Nxb5 Rac8 31. Rc1 Rxc1 32. Kxc1 Nf4 33. Kd2 Nxe2
34. Kxe2 Rc8 35. Nc3 b5 36. Rh1 b4 37. Na4 Kf7 38. Rf1 Nh3 39. Kd2 Ng5 40. Kd3
Nh3 41. Kd2 Ke7 42. Nb6 Rc5 43. Rh1 Ng5 44. Kd3 b3 45. axb3 Rb5 46. Na4 Rxb3+
47. Nc3 Rxb2 48. Ra1 Nxf3 49. Rxa5 Rb7 50. Ra8 Ng5 51. Rc8 Nf7 52. Rg8 Rb4 53.
Rg7 Kf8 54. Rh7 Rd4+ 55. Ke3 Rc4 56. Nb5 Ng5 57. Nd6 Rxe4+ 58. Nxe4 Nxh7 59.
Kd3 Ke7 60. Kc4 Nf8 61. Kc5 Nd7+ 62. Kc6 Nb8+ 63. Kb7 Nd7 64. Kc7 Nf8 65. Nc5
f5 66. gxf5 Kf6 67. Kd8 Kxf5 68. Ke8 e4 69. d6 e3 70. Kxf8 e2 71. d7 e1=Q 72.
d8=Q Qc3 73. Qc8+ Ke5 74. Qc6 Kf5 75. Qe4+ Kf6 1-0

[Event "IV Festival A"]
[Site "Forni di Sopra ITA"]
[Date "2013.06.15"]
[Round "1"]
[White "Logallo, Claudio"]
[Black "Naumkin, Igor"]
[WhiteElo "2068"]
[BlackElo "2457"]
[Result "0-1"]
[PlyCount "102"]
[EventDate "2013.06.15"]

1. e4 e5 2. Nf3 Nc6 3. Bb5 a6 4. Ba4 Nf6 5. d3 b5 6. Bb3 Be7 7. a4 Rb8 8. axb5
axb5 9. O-O O-O 10. h3 d5 11. Nc3 d4 12. Ne2 Be6 13. Bxe6 fxe6 14. Ng3 Qe8 15.
Bd2 Bd6 16. Qe2 Nd7 17. Nh2 Ne7 18. Nh5 Ng6 19. Qg4 Nf6 20. Nxf6+ gxf6 21. Qe2
Kh8 22. Kh1 Rf7 23. Ra7 Qc6 24. Bh6 Bf8 25. Bxf8 Rbxf8 26. g3 f5 27. f3 h5 28.
Qd2 Rg7 29. Rfa1 h4 30. g4 Nf4 31. R1a6 Qc5 32. Ra8 Rxa8 33. Rxa8+ Kh7 34. Qf2
Qe7 35. exf5 exf5 36. Qf1 c5 37. Ra5 c4 38. Rxb5 cxd3 39. cxd3 Rg8 40. Ra5 Rc8
41. gxf5 Nh5 42. Qe1 Ng3+ 43. Kg1 Rc1 44. Qxc1 Ne2+ 45. Kf1 Nxc1 46. Ng4 Nxd3
47. Ra6 Qc5 48. Rh6+ Kg8 49. Rg6+ Kf8 50. Rf6+ Ke8 51. Re6+ Kd8 0-1

[Event "IV Festival A"]
[Site "Forni di Sopra ITA"]
[Date "2013.06.15"]
[Round "1"]
[White "Madrigal, Ana Daniela"]
[Black "Codenotti, Marco"]
[WhiteElo "2042"]
[BlackElo "2390"]
[Result "0-1"]
[PlyCount "98"]
[EventDate "2013.06.15"]

1. d4 Nf6 2. c4 g6 3. Nc3 d5 4. e3 Bg7 5. Bd3 c5 6. Nge2 cxd4 7. exd4 Nc6 8.
O-O O-O 9. Bf4 Nb4 10. Bb1 dxc4 11. a3 Nbd5 12. Be5 a6 13. a4 Bd7 14. a5 Nb4
15. Nf4 Nc6 16. Nfd5 Nxe5 17. dxe5 Nxd5 18. Qxd5 Be6 19. Qe4 Qc7 20. f4 Rad8
21. Qe3 Rfe8 22. Be4 f6 23. f5 Qxe5 24. fxe6 f5 25. Qe2 fxe4 26. Qxc4 Rd6 27.
Qxe4 Qxe4 28. Nxe4 Rxe6 29. Ng5 Re2 30. Rae1 Bd4+ 31. Kh1 Rxe1 32. Rxe1 Bxb2
33. h4 Bf6 34. Rb1 Bxg5 35. hxg5 Rb8 36. Rb6 Kf7 37. Kh2 Rc8 38. Rxb7 Rc5 39.
Rb6 Rxa5 40. Kh3 Ra1 41. Kg4 a5 42. Ra6 a4 43. Kg3 a3 44. Kf2 a2 45. Kg3 e5 46.
Kf2 e4 47. Rf6+ Ke7 48. Ra6 e3+ 49. Ke2 Rg1 0-1

[Event "IV Festival A"]
[Site "Forni di Sopra ITA"]
[Date "2013.06.15"]
[Round "1"]
[White "Manelidou, Maria"]
[Black "Altini, Nicola"]
[WhiteElo "2032"]
[BlackElo "2323"]
[Result "0-1"]
[PlyCount "136"]
[EventDate "2013.06.15"]

1. e4 c5 2. Nf3 g6 3. c4 Nc6 4. Nc3 Bg7 5. Be2 d6 6. O-O e5 7. a3 a5 8. d3 Nge7
9. Nd5 O-O 10. Bd2 h6 11. b4 axb4 12. axb4 Rxa1 13. Qxa1 Nxd5 14. cxd5 Nxb4 15.
Bxb4 cxb4 16. Rb1 f5 17. Rxb4 fxe4 18. dxe4 g5 19. Nd2 Qc7 20. Qe1 g4 21. Nc4
h5 22. Rb6 Rf6 23. Rb4 Bh6 24. Bf1 Qc5 25. Rb2 Qd4 26. Rc2 Bd7 27. Qc3 Ba4 28.
Qxd4 exd4 29. Rb2 b5 30. Nb6 Rf4 31. Bd3 h4 32. Nxa4 bxa4 33. Ra2 g3 34. hxg3
hxg3 35. fxg3 Rf6 36. Kh2 Be3 37. Kh3 Rh6+ 38. Kg4 Rg6+ 39. Kh3 Rh6+ 40. Kg4
Rg6+ 41. Kh3 Kf8 42. Be2 Ke7 43. Bh5 Rg5 44. Bf3 Rg8 45. Rxa4 Bf2 46. Ra2 Bxg3
47. Bg4 Be5 48. g3 Rh8+ 49. Kg2 Rb8 50. Bf3 Rg8 51. g4 Rh8 52. Kf1 Kf6 53. g5+
Kxg5 54. Bg2 Rb8 55. Ke2 Kf4 56. Rd2 Rg8 57. Kf1 Ke3 58. Re2+ Kd3 59. Ra2 Kc3
60. Ra3+ Kb2 61. Rf3 Kc2 62. Rf2+ Kc3 63. Ra2 d3 64. Ke1 Bg3+ 65. Kd1 Rb8 66.
Ra1 Kd4 67. Bf1 Bf4 68. Ra4+ Ke3 0-1

[Event "IV Festival A"]
[Site "Forni di Sopra ITA"]
[Date "2013.06.15"]
[Round "1"]
[White "Marsili, Riccardo"]
[Black "D'Amore, Carlo"]
[WhiteElo "2090"]
[BlackElo "2485"]
[Result "0-1"]
[PlyCount "42"]
[EventDate "2013.06.15"]

1. c4 Nf6 2. Nc3 g6 3. g3 Bg7 4. Bg2 O-O 5. Nf3 c6 6. e4 d5 7. cxd5 cxd5 8. e5
Ne4 9. O-O Nc6 10. Re1 Nxe5 11. Nxe5 Bxe5 12. Nxe4 dxe4 13. Bxe4 Bd4 14. Qf3
Qa5 15. a3 Be6 16. Rb1 Rad8 17. Bxb7 Rd7 18. Bc6 Rd6 19. b4 Qb6 20. b5 Ba2 21.
Rb4 Rf6 0-1

[Event "IV Festival A"]
[Site "Forni di Sopra ITA"]
[Date "2013.06.15"]
[Round "1"]
[White "Oussedik, Elias"]
[Black "Laketic, Gojko"]
[WhiteElo "2058"]
[BlackElo "2410"]
[Result "1-0"]
[PlyCount "103"]
[EventDate "2013.06.15"]

1. d4 Nf6 2. c4 d6 3. Nf3 Nbd7 4. g3 e5 5. Bg2 c6 6. Nc3 Be7 7. d5 c5 8. O-O
O-O 9. Ne1 Ne8 10. e4 a6 11. Nd3 Rb8 12. a3 Bg5 13. f4 Bf6 14. Bd2 Nc7 15. Rb1
b5 16. cxb5 Nxb5 17. Nxb5 axb5 18. Kh1 Ba6 19. b4 c4 20. Ne1 Nb6 21. Nc2 exf4
22. gxf4 Re8 23. Qf3 Na4 24. Rbe1 Nb2 25. e5 dxe5 26. fxe5 Rxe5 27. Rxe5 Bxe5
28. Qxf7+ Kh8 29. Be4 Qe8 30. Qf5 g6 31. Qf3 Qe7 32. Bh6 Nd3 33. Bxd3 cxd3 34.
Qxd3 Bb7 35. Qe4 Qd6 36. Ne3 Bxh2 37. Rf7 Be5 38. Rd7 Qf6 39. Bg7+ Qxg7 40.
Rxg7 Bxg7 41. Qe7 Ba8 42. Kh2 Bd4 43. d6 Bc6 44. Qc7 Rb6 45. d7 Bxd7 46. Qxd7
Bxe3 47. Qe8+ Kg7 48. Qe7+ Kg8 49. Qxe3 Ra6 50. Qe8+ Kg7 51. Qxb5 Rxa3 52. Qd7+
1-0

[Event "IV Festival A"]
[Site "Forni di Sopra ITA"]
[Date "2013.06.15"]
[Round "1"]
[White "Rambaldi, Francesco"]
[Black "Bellincampi, Stefano"]
[WhiteElo "2340"]
[BlackElo "2040"]
[Result "1-0"]
[PlyCount "69"]
[EventDate "2013.06.15"]

1. d4 Nf6 2. c4 e6 3. Nc3 Bb4 4. g3 c5 5. Nf3 cxd4 6. Nxd4 O-O 7. Bg2 d5 8.
cxd5 Nxd5 9. Qb3 Nc6 10. Nxc6 bxc6 11. O-O Qb6 12. Na4 Qa5 13. a3 Be7 14. Qc2
Ba6 15. Bd2 Qb5 16. Rfc1 Rfc8 17. b4 Rab8 18. Bf1 Qb7 19. Nc5 Bxc5 20. Qxc5 Qd7
21. Qd4 Qe7 22. Qc5 Qd7 23. Rab1 Bb5 24. Qc2 Ba6 25. Rd1 Qe7 26. Rbc1 Nb6 27.
Be3 Bb5 28. Bc5 Qf6 29. Rd6 Nc4 30. Rd7 Nxa3 31. Qa2 Nc4 32. Rxc4 Bxc4 33. Qxc4
a5 34. bxa5 Rb1 35. Qd3 1-0

[Event "IV Festival A"]
[Site "Forni di Sopra ITA"]
[Date "2013.06.15"]
[Round "1"]
[White "Real Pereyra, Diana Carime"]
[Black "Bruno, Fabio"]
[WhiteElo "2062"]
[BlackElo "2422"]
[Result "0-1"]
[PlyCount "68"]
[EventDate "2013.06.15"]

1. e4 c5 2. Nf3 e6 3. Nc3 a6 4. d4 cxd4 5. Nxd4 Qc7 6. Bd3 Nf6 7. Nb3 d6 8. O-O
Be7 9. f4 Nbd7 10. Qf3 b5 11. Bd2 Bb7 12. Rae1 b4 13. Nd1 d5 14. e5 Ne4 15. Be3
O-O 16. Qh3 g6 17. Nf2 Nxf2 18. Bxf2 Rfe8 19. Nd4 Bf8 20. g4 Bg7 21. g5 Nc5 22.
Re3 Ne4 23. Qh4 Nxf2 24. Kxf2 Qb6 25. Nb3 Rec8 26. Ke2 a5 27. Rh3 Ba6 28. Qxh7+
Kf8 29. Kd1 a4 30. Nc1 Qd4 31. b3 Qb2 32. Rf2 axb3 33. axb3 Bxd3 34. Nxd3 Ra1+
0-1

[Event "IV Festival A"]
[Site "Forni di Sopra ITA"]
[Date "2013.06.15"]
[Round "1"]
[White "Sundararajan, Kidambi"]
[Black "Carnicelli, Valerio"]
[WhiteElo "2428"]
[BlackElo "2065"]
[Result "1-0"]
[PlyCount "72"]
[EventDate "2013.06.15"]

1. c4 e6 2. g3 d5 3. Bg2 Nf6 4. Nf3 c5 5. cxd5 exd5 6. O-O Nc6 7. d4 c4 8. b3
cxb3 9. axb3 Be7 10. Nc3 O-O 11. Ne5 Re8 12. Bg5 Be6 13. Nxc6 bxc6 14. Qc2 Nd7
15. Bxe7 Qxe7 16. Ra6 Nb6 17. Rfa1 Rec8 18. Qd1 Qd7 19. e3 Bg4 20. Qd2 Rcb8 21.
Na2 Qc7 22. Nb4 Bc8 23. R6a5 Nd7 24. Qc3 Nf6 25. Qxc6 Qxc6 26. Nxc6 Rxb3 27.
Ne7+ Kf8 28. Nxc8 Rxc8 29. Bxd5 Rb2 30. Bf3 Rcc2 31. Rf1 Ra2 32. Rb5 a5 33.
Rb8+ Ke7 34. Rb7+ Kf8 35. Bd1 Rcb2 36. Bb3 Nd7 1-0

[Event "IV Festival A"]
[Site "Forni di Sopra ITA"]
[Date "2013.06.15"]
[Round "1"]
[White "Tania, Sachdev"]
[Black "Abarca Gonzalez, Damaris"]
[WhiteElo "2408"]
[BlackElo "2042"]
[Result "1-0"]
[PlyCount "65"]
[EventDate "2013.06.15"]

1. d4 d5 2. c4 c6 3. Nf3 Nf6 4. Nc3 dxc4 5. a4 Bf5 6. Ne5 e6 7. e3 Nbd7 8. Nxc4
Bb4 9. Be2 Qc7 10. a5 O-O 11. Qb3 Be7 12. f3 b5 13. axb6 axb6 14. Rxa8 Rxa8 15.
e4 Bg6 16. Be3 Ra1+ 17. Nd1 b5 18. Nd2 h6 19. O-O e5 20. dxe5 Nxe5 21. Bf2 Bd6
22. g3 Ned7 23. Qc2 h5 24. Kg2 h4 25. Nb3 Ra8 26. Nd4 Rc8 27. Ne3 Nh5 28. Nef5
Be5 29. Nxh4 Ndf6 30. Nxg6 fxg6 31. Rc1 g5 32. Qb3+ Kh8 33. Rxc6 1-0

[Event "IV Festival A"]
[Site "Forni di Sopra ITA"]
[Date "2013.06.15"]
[Round "1"]
[White "Valsecchi, Alessio"]
[Black "Laco, Giuseppe"]
[WhiteElo "2422"]
[BlackElo "2061"]
[Result "1-0"]
[PlyCount "89"]
[EventDate "2013.06.15"]

1. e4 g6 2. d4 Bg7 3. Nf3 c6 4. Nc3 d5 5. h3 dxe4 6. Nxe4 Nd7 7. Bc4 h6 8. Qe2
Nb6 9. Bb3 Nf6 10. Nxf6+ Bxf6 11. O-O e6 12. Bf4 Nd5 13. Bd2 g5 14. c4 Ne7 15.
Bc2 Kf8 16. Rad1 Nf5 17. Bc3 h5 18. Ne5 Kg7 19. Rfe1 Qg8 20. d5 exd5 21. cxd5
cxd5 22. Qf3 d4 23. Rxd4 Nxd4 24. Bxd4 Qd8 25. Bc3 Be6 26. Qxb7 Bd5 27. Qa6 Qb6
28. Qd3 Rad8 29. Qg3 h4 30. Qg4 Rde8 31. Re3 Be6 32. Qf3 Rh6 33. a4 Rc8 34. Bf5
Rxc3 35. bxc3 Bxe5 36. Rxe5 Rf6 37. Qe4 Qb2 38. Qc2 Qa1+ 39. Kh2 Qf1 40. Bxe6
Rxf2 41. Rxg5+ Kh6 42. Rh5+ Kxh5 43. Qh7+ Kg5 44. Qg7+ Kf4 45. Qf6+ 1-0

[Event "IV Festival A"]
[Site "Forni di Sopra ITA"]
[Date "2013.06.15"]
[Round "1"]
[White "Vargas, Gabriela"]
[Black "Pancevski, Filip"]
[WhiteElo "2099"]
[BlackElo "2513"]
[Result "0-1"]
[PlyCount "98"]
[EventDate "2013.06.15"]

1. d4 g6 2. c4 Bg7 3. e4 d6 4. f3 e5 5. d5 a5 6. Nc3 Na6 7. Be3 Bh6 8. Bxh6
Qh4+ 9. g3 Qxh6 10. Qd2 f5 11. Qxh6 Nxh6 12. O-O-O fxe4 13. Nxe4 Nf5 14. Re1
O-O 15. Ne2 Nb4 16. Kb1 Ne3 17. Ng1 Nxf1 18. Rxf1 Bf5 19. Rd1 Na6 20. Ne2 Bh3
21. Rhg1 Rxf3 22. Ng5 Bf5+ 23. Ka1 Rf2 24. Nc3 Nc5 25. g4 Bd3 26. Ne6 Nxe6 27.
Rxd3 Nc5 28. Re3 Raf8 29. h3 a4 30. Kb1 R8f4 31. Nd1 R2f3 32. Rxf3 Rxf3 33. Nc3
Rxh3 34. Nb5 Na6 35. Nc3 Nc5 36. Nb5 Rh2 37. Nxc7 Nd3 38. Rf1 Rxb2+ 39. Ka1 Rf2
40. Rxf2 Nxf2 41. Nb5 Ne4 42. Kb2 Kf7 43. Kc2 Ke7 44. Nc7 h5 45. gxh5 gxh5 46.
Kd3 Nc5+ 47. Ke3 Nd7 48. Ne6 Kf6 49. Nd8 Nc5 0-1

[Event "IV Festival A"]
[Site "Forni di Sopra ITA"]
[Date "2013.06.15"]
[Round "1"]
[White "Vezzosi, Paolo"]
[Black "Pegoraro, Nicola"]
[WhiteElo "2274"]
[BlackElo "2021"]
[Result "0-1"]
[PlyCount "50"]
[EventDate "2013.06.15"]

1. Nf3 e6 2. d4 f5 3. g3 Nf6 4. Bg2 Be7 5. c4 O-O 6. Nc3 d6 7. O-O Qe8 8. b4
Qh5 9. Qc2 Nbd7 10. Bb2 e5 11. Nb5 e4 12. Nxc7 Ng4 13. h3 exf3 14. hxg4 fxg4
15. Bh1 Nf6 16. Nxa8 Bf5 17. Qb3 Ne4 18. c5+ Kh8 19. exf3 Nd2 20. fxg4 Bxg4 21.
Qd5 Rf5 22. Qxf5 Qxf5 23. Rfe1 Nf3+ 24. Bxf3 Bxf3 25. Rxe7 Qh5 0-1

[Event "IV Festival A"]
[Site "Forni di Sopra ITA"]
[Date "2013.06.15"]
[Round "1"]
[White "Zamengo, Fulvio"]
[Black "Moskalenko, Viktor"]
[WhiteElo "2113"]
[BlackElo "2536"]
[Result "0-1"]
[PlyCount "80"]
[EventDate "2013.06.15"]

1. e4 d6 2. d4 Nf6 3. Nc3 g6 4. Nge2 Bg7 5. g3 O-O 6. Bg2 e5 7. h3 c6 8. a4 a5
9. O-O Na6 10. Be3 Nb4 11. Qd2 Be6 12. Rad1 Bc4 13. Rfe1 Qc7 14. g4 Rad8 15.
Qc1 h5 16. g5 Nh7 17. b3 Be6 18. h4 f6 19. Rf1 fxg5 20. hxg5 Qe7 21. f4 Bg4 22.
Rde1 c5 23. dxc5 exf4 24. cxd6 Qxd6 25. Rxf4 Rc8 26. Rxf8+ Qxf8 27. Rf1 Qe7 28.
Qd2 Bxe2 29. Nxe2 Rxc2 30. Qe1 Nf8 31. Nf4 Qxg5 32. Rf2 Qe5 33. Nh3 Nd3 34. Qd1
Nxf2 35. Nxf2 Qa1 36. Qxa1 Bxa1 37. Nd1 Ne6 38. Bh3 Kf7 39. Kf1 Be5 40. Bb6 Nf4
0-1

[Event "IV Festival A"]
[Site "Forni di Sopra ITA"]
[Date "2013.06.16"]
[Round "2"]
[White "Altini, Nicola"]
[Black "Horvath, Csaba"]
[WhiteElo "2323"]
[BlackElo "2516"]
[Result "0-1"]
[PlyCount "53"]
[EventDate "2013.06.15"]

1. d4 Nf6 2. c4 e6 3. Nf3 d5 4. g3 dxc4 5. Bg2 Bd7 6. Ne5 Bc6 7. Nxc6 Nxc6 8.
O-O Qd7 9. e3 Nd5 10. Qe2 h5 11. Qxc4 h4 12. Nc3 O-O-O 13. Qe2 hxg3 14. fxg3 f5
15. Nxd5 exd5 16. Bd2 Bd6 17. b4 Ne7 18. b5 Kb8 19. a4 g5 20. b6 cxb6 21. a5
bxa5 22. Bxa5 Rc8 23. Rfb1 f4 24. e4 fxg3 25. e5 Nf5 26. exd6 gxh2+ 27. Kf2 0-1

[Event "IV Festival A"]
[Site "Forni di Sopra ITA"]
[Date "2013.06.16"]
[Round "2"]
[White "Bruno, Fabio"]
[Black "Messina, Roberta"]
[WhiteElo "2422"]
[BlackElo "2020"]
[Result "1-0"]
[PlyCount "55"]
[EventDate "2013.06.15"]

1. d4 d5 2. Nf3 Nf6 3. c4 c6 4. e3 e6 5. Nbd2 Nbd7 6. Bd3 Bd6 7. O-O O-O 8. e4
e5 9. cxd5 cxd5 10. exd5 exd4 11. Nc4 Nc5 12. Nxd6 Nxd3 13. Nxc8 Nxc1 14. Rxc1
Rxc8 15. Rxc8 Qxc8 16. Qxd4 Rd8 17. d6 Qe6 18. Qxa7 Qxd6 19. h3 Qb4 20. b3 h6
21. Rc1 Qf4 22. Re1 Rd7 23. Qc5 Rc7 24. Qb5 Rc1 25. Qxb7 Rxe1+ 26. Nxe1 Qd2 27.
Qc8+ Kh7 28. Qc2+ 1-0

[Event "IV Festival A"]
[Site "Forni di Sopra ITA"]
[Date "2013.06.16"]
[Round "2"]
[White "Capaliku, Aleks"]
[Black "Hambleton, Aman"]
[WhiteElo "2134"]
[BlackElo "2461"]
[Result "0-1"]
[PlyCount "52"]
[EventDate "2013.06.15"]

1. f4 d5 2. b3 Nh6 3. Nf3 Bg4 4. e3 Nf5 5. Bb2 e6 6. Be2 Nd7 7. O-O Be7 8. Ne5
Bxe2 9. Qxe2 Nxe5 10. fxe5 c6 11. d4 O-O 12. Nd2 Qa5 13. Nf3 c5 14. g4 Nh4 15.
Nxh4 Bxh4 16. Rf3 Rac8 17. a4 Qc7 18. dxc5 Be7 19. b4 a5 20. Bd4 axb4 21. Qb5
Bxc5 22. Bxc5 Qxc5 23. Qxc5 Rxc5 24. Rf4 g5 25. Rxb4 Rc7 26. Ra2 Rfc8 0-1

[Event "IV Festival A"]
[Site "Forni di Sopra ITA"]
[Date "2013.06.16"]
[Round "2"]
[White "Carnicelli, Valerio"]
[Black "Vezzosi, Paolo"]
[WhiteElo "2065"]
[BlackElo "2274"]
[Result "0-1"]
[PlyCount "48"]
[EventDate "2013.06.15"]

1. e4 e5 2. Nf3 Nc6 3. Bc4 Bc5 4. b4 Bxb4 5. c3 Bd6 6. d4 Qe7 7. O-O b6 8. Bd5
Bb7 9. dxe5 Bxe5 10. Nxe5 Qxe5 11. f4 Qe7 12. Ba3 Qh4 13. e5 Nh6 14. Nd2 O-O-O
15. c4 Rhe8 16. g3 Qh3 17. Bg2 Qe6 18. Bd5 Qg6 19. Be4 f5 20. Bg2 Ng4 21. Re1
Nd4 22. Bxb7+ Kxb7 23. Nf3 Nxf3+ 24. Qxf3+ Qc6 0-1

[Event "IV Festival A"]
[Site "Forni di Sopra ITA"]
[Date "2013.06.16"]
[Round "2"]
[White "Ceschia, Ivano"]
[Black "Levin, Felix"]
[WhiteElo "2235"]
[BlackElo "2497"]
[Result "0-1"]
[PlyCount "99"]
[EventDate "2013.06.15"]

1. e4 c6 2. d4 d5 3. e5 Bf5 4. Nf3 e6 5. Be2 Nd7 6. O-O Ne7 7. c3 c5 8. dxc5
Nxc5 9. Nbd2 Nc6 10. Nb3 Nd7 11. Nbd4 Be4 12. Ng5 Nxd4 13. cxd4 Bg6 14. Bd3 Be7
15. Bxg6 hxg6 16. Qg4 Qb6 17. Be3 Bxg5 18. Bxg5 Nb8 19. Rfd1 Nc6 20. Rd2 Rc8
21. Rc1 Rc7 22. Rc3 Kd7 23. Rc5 Kc8 24. Rxd5 Nb4 25. Rc5 Rxc5 26. dxc5 Qxc5 27.
Qd1 Nc6 28. Bf4 Qc4 29. Be3 Qxa2 30. b4 Qc4 31. Rc2 Qxb4 32. Bxa7 Rd8 33. Qc1
Qb5 34. Bc5 Rd3 35. h3 Qb3 36. Bd6 Qd5 37. Qb2 Rb3 38. Qa1 Kd7 39. Rc1 Rd3 40.
Qa8 Rd1+ 41. Rxd1 Qxd1+ 42. Kh2 Qb1 43. f4 Nd8 44. Qa5 Qc2 45. Bf8 Qc4 46. Qd2+
Kc8 47. Bxg7 b5 48. Bf8 Nc6 49. Ba3 b4 50. Bb2 0-1